Big cats / (Record no. 1970)

MARC details
000 -LEADER
fixed length control field 01135nam a22003371a 4500
001 - CONTROL NUMBER
control field 1970
003 - CONTROL NUMBER IDENTIFIER
control field FISKH
005 - DATE AND TIME OF LATEST TRANSACTION
control field 20231122142439.0
007 - PHYSICAL DESCRIPTION FIXED FIELD--GENERAL INFORMATION
fixed length control field ta
008 - FIXED-LENGTH DATA ELEMENTS--GENERAL INFORMATION
fixed length control field 101008r20092005enkab j 001 0 eng d
015 ## - NATIONAL BIBLIOGRAPHY NUMBER
National bibliography number GBB0C6667
Source bnb
016 7# - NATIONAL BIBLIOGRAPHIC AGENCY CONTROL NUMBER
Record control number 015393808
Source Uk
020 ## - INTERNATIONAL STANDARD BOOK NUMBER
International Standard Book Number 9781842368855 (pbk.)
040 ## - CATALOGING SOURCE
Original cataloging agency IiNdDKA
Language of cataloging eng
Transcribing agency IiNdDKA
042 ## - AUTHENTICATION CODE
Authentication code ukblsr
050 ## - LIBRARY OF CONGRESS CALL NUMBER
Classification number QL737.C23
082 04 - DEWEY DECIMAL CLASSIFICATION NUMBER
Classification number 599.75
Edition number 22
100 1# - MAIN ENTRY--PERSONAL NAME
Personal name De la Bédoyère, Camilla.
240 10 - UNIFORM TITLE
Uniform title 100 things you should know about big cats
245 10 - TITLE STATEMENT
Title Big cats /
Statement of responsibility, etc. Camilla de la Bédoyère ; consultant, Steve Parker
260 ## - PUBLICATION, DISTRIBUTION, ETC.
Place of publication, distribution, etc. San Diego :
Name of publisher, distributor, etc. Silver Dolphin Books,
Date of publication, distribution, etc. 2005.
300 ## - PHYSICAL DESCRIPTION
Extent 48 pages :
Other physical details color illustrations ; map ;
Dimensions 30 cm
490 0# - SERIES STATEMENT
Series statement 100 facts
505 ## - FORMATTED CONTENTS NOTE
Formatted contents note W<br/><br/>
520 ## - SUMMARY, ETC.
Summary, etc. Presents in stunning detail the real facts about the exciting world of big cats, from the daily life of a pride of lions to the skilful hunting of the leopard and the speed chase of the cheetah.
521 8# - TARGET AUDIENCE NOTE
Target audience note 860<br/>
Source Lexile<br/><br/>
521 8# - TARGET AUDIENCE NOTE
Target audience note W<br/>
Source Raz-Plus<br/>
650 #0 - SUBJECT ADDED ENTRY--TOPICAL TERM
Topical term or geographic name entry element Felidae
Form subdivision Juvenile literature.
700 1# - ADDED ENTRY--PERSONAL NAME
Personal name Parker, Steve,
Dates associated with a name 1952-
942 ## - ADDED ENTRY ELEMENTS (KOHA)
Source of classification or shelving scheme Dewey Decimal Classification
Koha item type Books
Suppress in OPAC No
Holdings
Withdrawn status Lost status Source of classification or shelving scheme Damaged status Not for loan Collection Home library Current library Shelving location Date acquired Total Checkouts Full call number Barcode Date last seen Date last checked out Copy number Price effective from Koha item type
    Dewey Decimal Classification     Non-Fiction Footprints International School Library Network Toul Kork Campus Footprints International School Library Network Toul Kork Campus   10/23/2023 1 KEL 599.75 QL737.C23 FISBK02245 06/07/2024 01/08/2024 1 10/23/2023 Books
    Dewey Decimal Classification     Non-Fiction Footprints International School Library Network Toul Kork Campus Footprints International School Library Network Toul Kork Campus A TK Campus, 4th Floor, Room B401, Non-Fiction Bookcases(7-8) 11/22/2023   KEL 599.75 QL737.C23 2023-0756 11/22/2023   2 11/22/2023 Books
    Dewey Decimal Classification     Non-Fiction Footprints International School Library Network Toul Kork Campus Footprints International School Library Network Toul Kork Campus TTP Secondary Non-Fiction Bookshelves 11/22/2023 1 KEL 599.75 QL737.C23 2024-0070 03/14/2025 03/14/2025 3 11/22/2023 Books
    Dewey Decimal Classification     Non-Fiction Footprints International School Library Network Toul Kork Campus Footprints International School Library Network Toul Kork Campus   04/25/2024   KEL 599.75 QL737.C23 2024-0510 04/25/2024   4 04/25/2024 Books
    Dewey Decimal Classification     Non-Fiction Footprints International School Library Network Toul Kork Campus Footprints International School Library Network Toul Kork Campus   04/25/2024   KEL 599.75 QL737.C23 2024-0511 04/25/2024   5 04/25/2024 Books
    Dewey Decimal Classification     Non-Fiction Footprints International School Library Network Toul Kork Campus Footprints International School Library Network Toul Kork Campus A TK Campus, 4th Floor, Room B401, Non-Fiction Bookcases(7-8) 04/25/2024   KEL 599.75 QL737.C23 2024-0564 05/06/2024   6 04/25/2024 Books